000 00794nam a2200253 a 4500
008
020 _a1901346307 (hbk.)
049 _aMAIN
090 _aRC685 INT
245 0 0 _aIntravascular brachytherapy :
_bfrom theory to practice /
_cedited by Prabhakar Tripuraneni ... [et al.]
260 _aLondon :
_bReMEDICA,
_c2001.
300 _a306 p. :
_bill. ;
_c25 cm.
504 _aIncludes bibliographical references.
500 _aIncludes indexes.
650 0 _aRadioisotope brachytherapy.
650 0 _aBlood-vessels
_xDiseases
_xTreatment.
650 1 2 _aBrachytherapy.
700 1 _aTripuraneni, Prabhakar.
907 _a.b10147214
_b27-02-07
_c19-01-05
003
005 20230120203837.0
040 _cNUST
942 _cBOOKS
_kRC685 INT
999 _c112489
_d112489